000 00300nam a22001217a 4500
008 180921b xxu||||| |||| 00| 0 eng d
041 _aeng
080 _a61
100 _a3
101 _aSHM
245 _aCollege of Physicians and surgeons complete home medical guide
_cTapley,D.F
942 _2udc
_cBK
999 _c48159
_d48159